Zmeny v účtovníctve podnikateľov

Zmeny z dôvodu zavedenia eura v Slovenskej republike. Premena údajov zo slovenských korún na eurá. Pozemkové spoločenstvá. Používanie kurzu na prepočet z cudzej meny na menu euro. Oceňovanie majetku a záväzkov ku dňu uskutočnenia účtovného prípadu. Zmeny týkajúce sa Exportno-importnej banky. Úprava...

Descrizione completa

Salvato in:
Dettagli Bibliografici
Autore principale: Horváthová, Mária
Natura: Capitolo di libro
Lingua:slovacco
Soggetti:
Tags: Aggiungi Tag
Nessun Tag, puoi essere il primo ad aggiungerne!!

MARC

LEADER 00000naa$a2200000$$$4500
001 0092585
005 20231106095013.8
041 0 |a slo 
044 |a SK 
245 1 0 |a Zmeny v účtovníctve podnikateľov  |c Mária Horváthová 
520 |a Zmeny z dôvodu zavedenia eura v Slovenskej republike. Premena údajov zo slovenských korún na eurá. Pozemkové spoločenstvá. Používanie kurzu na prepočet z cudzej meny na menu euro. Oceňovanie majetku a záväzkov ku dňu uskutočnenia účtovného prípadu. Zmeny týkajúce sa Exportno-importnej banky. Úprava súm pri stanovení kritérií na určenie povinnosti alebo práv účtovnej jednotky. Používanie daňových odpisov v jednoduchom účtovníctve. Zriaďovacie náklady. Prenášanie účtovných záznamov v technickej forme. 
610 2 0 |a účtovníctvo 
610 2 0 |a podnikatelia 
610 2 0 |a euro 
610 2 0 |a kurz menový 
610 2 0 |a oceňovanie 
610 2 0 |a majetok 
610 2 0 |a záväzky 
610 2 0 |a jednotka účtovná 
610 2 0 |a odpisy daňové 
100 1 |a Horváthová, Mária